| 000 | 00625nam a2200181 a 4500 | ||
|---|---|---|---|
| 001 | 000035788 | ||
| 005 | 20200930074619.0 | ||
| 008 | 111114s1972 dr 000 0 spa d | ||
| 040 |
_aDO-SdBNP _bspa _cBNPHU |
||
| 100 | 1 |
_aNohl, Herman _961733 |
|
| 245 | 1 | 0 |
_aIntroducción a la ética / _cHerman Nohl. |
| 260 |
_aBuenos aires : _bFondo de Cultura Económica, _c1972. |
||
| 300 |
_a227 p. ; _c18 cm. |
||
| 490 | 1 |
_aBreviarios. Fondo de Cultura Económica _v70 |
|
| 590 | _aPerteneció a la biblioteca personal de Juan Isidro Jimenes Grullón. | ||
| 830 | 0 |
_aBreviarios. Fondo de Cultura Económica _v70 _960210 |
|
| 049 | _aBNPD | ||
| 999 |
_c35279 _d35279 |
||